| 000 | 00632nam a2200229 a 4500 | ||
|---|---|---|---|
| 001 | BRL_276 | ||
| 005 | 20190320210652.0 | ||
| 008 | 180713s19uu----gw-#######---#000-0#ger-# | ||
| 041 | _ager | ||
| 044 | _agw | ||
| 050 | 4 |
_aML50.M939 _b.W34 1900 |
|
| 100 | 1 |
_aWagner, Richard _d1813-1883 _915926 |
|
| 245 | 1 | 0 |
_aParfifal _bein Bühnenweihfeftfpiel _cRichard Wagner. |
| 260 |
_aLeipzig _bPhilipp Reclam Jun. _c[19--] |
||
| 300 |
_a70 p. _c16 cm. |
||
| 440 | 0 |
_aReclams universal Bibliothek _vNr.5640 _923435 |
|
| 500 | _aAu2297 | ||
| 650 | 1 | 4 |
_aOpera _923436 |
| 650 | 1 | 4 |
_aLibretos para operas _923437 |
| 902 | _aGRL | ||
| 942 |
_2lcc _cB |
||
| 999 |
_c9089 _d9089 |
||